000
00312 a2200157 4500
001
167042
020
_a
040
_c
Magnum
100
_a
Benjamin, Walter
240
1
0
_a
Rua de mao unica
_l
por
245
1
0
_a
Rua de mao unica
362
0
_a
1899
440
1
_a
Brasiliense
697
_a
ADULTA
942
_c
BK
999
_c
167042
_d
167042